Evolution mineralogique et geochimique du fer et de l'aluminium dans les sols ferrallitiques hydromorphes des Llanos Orientales de Colombie (Registro nro. 4908)

Detalles MARC
000 -CABECERA
Campo de control 00573nam a2200169 a 4500
005 - FECHA Y HORA DE LA ULTIMA TRANSACCION
Campo de control 20160825170255.0
008 - ELEMENTOS DE LONGITUD FIJA—INFORMACION GENERAL
Campo de control 140317b1993 fr |||||rm||| 00| 0 por d
040 ## - FUENTE DE CATALOGACIÓN
Agencia catalogadora original CO-BoIAVH
Agencia transcriptora CO-BoIAVH
041 ## - IDIOMA
Código de idioma para texto/pista de sonido o título separado Francés
090 ## - CLASIFICACIÓN LOCAL
Colección TE
Consecutivo 0044
100 ## - ASIENTO PRINCIPAL--NOMBRE PERSONAL
Nombre personal Gaviria, Sergio
9 (RLIN) 22368
245 ## - MENCION DE TITULO
Título Evolution mineralogique et geochimique du fer et de l'aluminium dans les sols ferrallitiques hydromorphes des Llanos Orientales de Colombie
Parte restante del título les etats precoces du cuirassement
260 ## - PUBLICACION, DISTRIBUCION, ETC. (PIE DE IMPRENTA)
Lugar de publicación, distribución, etc. s.l.
Nombre del editor, distribuidor, etc. Universite de Nancy I
Fecha de publicación, distribución, etc. 1993
300 ## - DESCRIPCION FISICA
Extensión 216 p.
942 ## - ELEMENTOS ADICIONALES (KOHA)
Tipo de ítem Tesis
Sistema de clasificación Local
945 ## - PROCESAMIENTO LOCAL
AAAA-MM-DD - Fecha de ingreso o modificacion 2005-12-01
Existencias
Withdrawn status Lost status Sistema de Clasificación Damaged status No para préstamo Colección Inventariado Ubicación Permanente Ubicación actual Fecha de adquisición Fuente de Valor Total Checkouts Número topográfico Inventario / Código de Barras Date last seen Ejemplar Price effective from Forma de adquisición Tipo de material
    Local     Tesis Inventariado 2017 Bogotá Bogotá 01/12/2005 Díaz, Juan Manuel   TE-0044 022439 17/04/2013 Ej. 1 04/12/2012 Donación Tesis